000 00540nam a2200169 i 4500
001 84487
003 ES-MaACL
005 20230906175025.0
007 t|
008 041123s1968 sp ||||1| spa d
100 1 _aJoblin, Joseph.
_966690
245 1 3 _aLa Iglesia y las nuevas perspectivas de la cuestión social /
_cJoseph Joblin ; [traducción por Juan A. Segarra].
260 _aMadrid :
_bRazón y Fé,
_c[1968]
300 _aXI, 221 p. ;
_c22 cm.
700 1 _aSegarra, Juan Antonio.
_9105122
852 _aES-MaACL
_jC-36033
_bR.68974
999 _c84487
_d84487